Equipos de Futbol Español # 2 - Estadísticas

Estadísticas generales
  • Esta prueba ha sido intentada 535 veces
  • La puntuación promedio es 17 de 20
Estadísticas de respuestas
Imagen Respuesta % Correcto
Real Betis
100%
Sevilla
97%
Atlético de Madrid
96%
Valencia
96%
Rayo Vallecano
95%
Osasuna
94%
Elche
91%
Sporting de Gijón
88%
Oviedo
86%
Albacete
83%
Huesca
83%
Lugo
81%
Racing de Ferrol
80%
Alcorcón
77%
Mirandés
77%
Burgos
75%
Cartagena
74%
Amorebieta
72%
Eldense
70%
Fuenlabrada
61%
No se encontraron pruebas coincidentes
Distribución de puntuación
Porcentaje de gente con cada puntuación
Porcentaje por número respondido
Historial de tus puntuaciones
No has intentado esta prueba.